Físico-química 2 - Statistics

Estatísticas Gerais
  • Esse quiz foi jogado 95 vezes
  • A pontuação média é 6 de 15
Estatísticas das Respostas
Hint Resposta % Correto
Quantas fases tem a lua? 4
95%
Que nome damos à distância percorrida pela luz durante um ano? Ano-luz
76%
Que nome damos à ciência que estuda, entre outros fenómenos do Universo, as forças e os movimentos? Física
60%
Que nome damos à ciência que estuda as propriedades e transformações de todos os materiais? Química
58%
Que nome damos a astros que se movem em volta de um planeta? Satélites de planetas
42%
Que nome damos à posição da Terra mais próxima do Sol? Periélio
40%
Que nome damos à posição da Terra mais afastada do Sol? Afélio
37%
Que nome damos ás misturas onde não se distinguem os componentes? Homogéneas
30%
Que nome damos à força gravítica que um planeta exerce sobre um corpo? Peso
30%
Que nome damos ás misturas onde distinguimos os componentes? Heterogéneas
29%
Qual o aparelho que usamos para medir a força? Dinamómetro
27%
Que nome damos a planetas que orbitam outras estrelas além do Sol, pertencentes assim a outros sistemas planetários? Exoplanetas
23%
Que nome damos à força atrativa, que atua à distância, exercida por um corpo noutro? Força gravítica
15%
Que nome damos a astros que se movem em volta do Sol mas que não têm massa suficiente para que a sua órbita seja bem definida e livre de outros astros? Planetas anões
13%
Que nome damos ao material natural, que é utilizado tal como existe na natureza, para dele extrair outro material ou para produzir novos produtos? Recurso Natural
2%
Nenhum quiz correspondente encontrado
Distribuição das Pontuações
Porcentagem de Pessoas com Cada Pontuação
Percentil de Números Respondidos
Sua Pontuação Histórica
Você não jogou esse quiz